000 00382pab a2200145 454500
008 180718b1989 xxu||||| |||| 00| 0 eng d
100 _aDix, Robert H.
245 _aCleavage structures and party systems in Latin America
260 _c1989
300 _a23-37
362 _aOct.
650 _aPolitical Parties - Latin America
773 _aComparative Politics
909 _a15329
999 _c15329
_d15329